000 00418nam a2200145Ia 4500
008 211109s9999||||xx |||||||||||||| ||und||
082 _a294.363
_bMAH-S
100 _aMahakavi Kshemendran,
245 0 _aSree Budhante Apadanakadhakal
260 _bDC Books
_aKottayam
_c1996
300 _a420p.
630 _xGeneral stack
650 _aReligions of Indic origin
_vbuddhism
_xindiaSree BuddhaGeneralia
942 _cBOOK
999 _c50151
_d50151